| 000 | 02622namaa22003251i 4500 | ||
|---|---|---|---|
| 003 | EG-GICUC | ||
| 005 | 20260115154633.0 | ||
| 008 | 260115s1993 ua ||||jr|||| 001 0 ara d | ||
| 040 |
_aEG-GiCUC _bara _cEG-GiCUC _dEG-GiCUC _erda |
||
| 082 | 0 | 4 |
_221 _a237 _bM6858 |
| 092 | 0 | 4 |
_221 _a237 _bM6858 |
| 099 | _a237 M6858 1993 | ||
| 100 | 1 |
_aمزي، يوسف بن الزكي عبد الرحمن _d1256-1341. _eمؤلف. |
|
| 245 | 1 |
_aتحفة الأشراف بمعرفة الأطراف : _bمعجم مفهرس لمسانيد الصحابة والرواة عنهم، وموسوعة علمية لجميع أحاديث الكتب الستة الصحاح / _cللامام الحافظ جمال الدين أبى الحجاج يوسف بن الزكى عبد الرحمن بن يوسف المزى. مع النكت الظراف على الأطراف / تعليقات الحافظ ابن حجر العسقلانى ؛ صححه وعلق عليه عبد الصمد شرف الدين |
|
| 246 | 1 | _aتحفة الأشراف بمعرفة الأطراف مع النكت الظراف | |
| 250 | _aالطبعة الثانية | ||
| 264 |
_aالقاهرة (مصر) : _bدار الكتاب الاسلامى، _c1993 |
||
| 300 |
_a452، 20 صفحة _c24 سم |
||
| 336 |
_2rdacontent _atext |
||
| 337 |
_2rdamedia _aUnmediated |
||
| 338 |
_2rdacarrier _avolume |
||
| 504 | _aيشتمل على ارجاعات ببليوجرافية | ||
| 505 | _aالجزء الاول. (ابيض بن حمال- أنس بن مالك) . الجزء الثانى. (أهبان- جودان). الجزء الثالث.(حابس التميمى- سعد بن معاذ). الجزء الرابع (سعد مولى أبى بكر- عبد الله بن عباس). الجزء الخامس (عبد الله بن عباس- عبد الله بن عمر) . الجزء السادس (عبد الله بن عمر - عبدالله بن مالك) الجزء السابع (عبد الله بن مسعود - عمارة بن شبيب). الجزء الثامن (عمر بن الحكم- المهاجر بن قنفذ). الجزء التاسع (ناجيه - أبوهريرة). الجزءالعاشر (أبو هريرة). الجزء الحادى عشر (أبو هريرة - عائشة). الجزء الثانى عشر (عائشة-نسيبه). الجزء الثالث عشر(هند-الكنى-المبهمات-المراسيل). | ||
| 541 |
_aد. جابر عصفور ؛ _bالقاهرة ؛ _cإهداء ؛ _d2024. |
||
| 650 | 1 |
_aالحديث _xالمسانيد _2qrmak |
|
| 650 | 1 |
_aالحديث _xالكتب الستة _2qrmak |
|
| 651 | 1 | _2qrmak | |
| 905 | _aHuda | ||
| 942 |
_2ddc _cBK _e21 _n0 |
||
| 999 |
_c177739 _d177739 |
||